000 00710nam a22001577a 4500
003 OSt
005 20150923142059.0
008 150923b xxu||||| |||| 00| 0 eng d
040 _cRUA
082 _aAGR THA 2007 B048 Or.1
100 _91188
_aTHACH CHEAVUTHY
245 _aEffect of organic mulchs on cowpea ta royal university of agriculture's crop station,(ឥទ្ធិពលគំរបធម្មជាតិទៅលើដំណាំសណ្ដែកអង្គុយនៅស្ថានីយ៍ដំណាំ នៃសាកលវិទ្យាល័យភូមិន្ទកសិកម្ម)
260 _aphnom penh
_bRUA
_c2007
300 _axvi, 55p.
_cill
_g29cm.
942 _2ddc
_cAGR
999 _c1132
_d1132